Specification for pneumatic tyres for automotive vehicles. Part 5. Method of test for diagonal ply tyres (Record no. 73425)

MARC details
000 -LEADER
fixed length control field 00414nam a2200121Ia 4500
245 #0 - TITLE STATEMENT
Title Specification for pneumatic tyres for automotive vehicles. Part 5. Method of test for diagonal ply tyres
260 ## - PUBLICATION, DISTRIBUTION, ETC. (IMPRINT)
Place of publication New Delhi
260 ## - PUBLICATION, DISTRIBUTION, ETC. (IMPRINT)
Year of publication 1988
Name of publisher Bureau of Indian standards
500 ## - GENERAL NOTE
General note Standard number: IS 10914. Part 5
650 ## - SUBJECT ADDED ENTRY--TOPICAL TERM
Topical Term Tyre, automotive vehicle
942 ## - ADDED ENTRY ELEMENTS (KOHA)
Koha item type Standards
Holdings
Withdrawn status Lost status Damaged status Not for loan Home library Current library Date acquired Koha item type
      Standards RRII Library RRII Library 31/12/2021 Standards